00239pam a2200097 a 4500020000500000041000500005100002300010245005200033260003900085300001700124 c h aMahindra kanitkar. aHoy Vyasanmukti Shakya AahehTextual Documents a[s.l]:bSamkalin prakashan,c2008. a112:bpaper.